Lengua y lietratura : introducción a la lingüística y la teoría literaria /

Guardado en:
Autor Principal: Atorresi, Ana
Otros Autores: Bannon, M, Gándara, S. Kornfeld, L.
Formato: Libro
Publicado: Buenos Aires : Aique, 1999
Edición:2a. ed.
Series:Polimodal
Materias:
Etiquetas: Agregar Etiqueta
Sin Etiquetas, Sea el primero en etiquetar este registro!
LEADER 01147nam a22002895a 4500
001 CEM.cems010350
005 20080520125003.0
008 130507s1999##################000#0#####d
003 CEMS
020 |a 9507015310 
082 0 4 |a 468 
100 1 |a Atorresi, Ana 
245 1 0 |a Lengua y lietratura :  |b introducción a la lingüística y la teoría literaria /  |c Ana Atorresi ... [et Al.] 
250 |a 2a. ed. 
260 |a Buenos Aires :  |b Aique,  |c 1999 
300 |a 47 p. 
490 0 |a Polimodal 
500 |a Bloc para la producción de textos informativos.acompaña al libro de texto Lengua y Literatura 
505 0 |a Informe y literatura -- Planificación del informe -- El desarrollo del informe -- Introducción del informe -- Conclusión del informe -- Paratextos del informe -- Dos formas de cuento policial -- La muchacha de ojos grises / Samuel Dashiell Hammett 
653 |a Lengua 
653 |a Lengua-polimodal 
653 |a Literatura 
653 |a Literatura-polimodal 
653 |a Estudio dirigido 
700 1 |a Bannon, M 
700 1 |a Gándara, S. Kornfeld, L. 
859 |a CEMS  |b BIB. CEMS - 11 de abril  |h 468  |i At72-1a2  |p 20891.00  |t Ej.1